| 000 | 00626nam a2200193Ia 4500 | ||
|---|---|---|---|
| 001 | 5245 | ||
| 003 | GE_BSU | ||
| 008 | 181216s||||||||xx |||||||||||||| ||und|| | ||
| 040 | _cGE_BSU | ||
| 080 | _a514.116 | ||
| 100 | _aАндронов, И. К. Окунев, А. К. | ||
| 245 | _aОсновной курс тригонометрии, развиваемый на целесообразных задачах | ||
| 245 | _bПособие для учителей | ||
| 260 | _aМосква | ||
| 260 | _c1960 | ||
| 300 | _a363стр.22см. | ||
| 653 | _aОсновной курс тригонометрии | ||
| 942 | _cBK | ||
| 999 |
_c38837 _d38837 |
||